| 000 | 00937nam a2200277 c 4500 | ||
|---|---|---|---|
| 003 | BLK | ||
| 005 | 20230311130832.0 | ||
| 008 | 180409b bul|||||r ||||||| ||bul|| | ||
| 010 | _aKNG00109795000 | ||
| 040 | _aBLK | ||
| 041 |
_aBUL _cBUL |
||
| 080 |
_aБългарска литература _b821.163.2 _x-1 _z821.163.2-1 |
||
| 100 | 1 |
_aЕвтимов, Евтим Михалушев _eпърви автор _9365147 |
|
| 139 |
_aЕвтимов, Евтим Михалушев _bЕ 22 |
||
| 245 | 1 | 0 |
_aОбич за обич _bИзбрана лирика _cЕвтим Михалушев Евтимов. |
| 257 | _aBGR | ||
| 260 |
_аСофия _bБълг. писател _c1983 |
||
| 300 |
_a319 с. _b1л. : портр. _c21 см |
||
| 380 | _aX | ||
| 500 | _aДоп. тир. 1984 | ||
| 852 | _aЦб 121596 | ||
| 856 | 4 |
_qpdf _u |
|
| 856 | 4 |
_qpdf _u |
|
| 942 |
_cKNG _n0 _05 |
||
| 944 |
_aCR _c18.12.2003 _kЦветанка_Енчева |
||
| 944 |
_aED _c16.03.2018 _k |
||
| 999 |
_c104685 _d104685 |
||